• 首页
  • 本馆介绍
  • 公告通知
  • 最新文献
  • 馆藏检索
  • 电子资源
  • 读者导购
  • 参考咨询
  • 我的图书馆
  • 登录
  • 详细信息显示
  • 放入我的书架
  • 预约/预借图书
  • 作者相关作品
  • 分类相关作品
  • 丛书相关作品
  • 出版社相关作品

书目信息

  • 表格格式
  • 工作单格式
  • 卡片格式
题名:
马克思主义著作选读经典
    
 
作者:
分册:  
出版信息: 北京   人民出版社  1999
页数: 642
开本: 20cm
丛书名:
单 册:
中图分类: A71
科图分类:
主题词: 毛泽东--传记 , 恩格斯--生平事迹 , 恩格斯--传记 , 列宁--生平事迹 , 马克思--生事迹 , 马克思--传记 , 列宁--传记 , 毛泽东--生平事迹
电子资源:
ISBN: 7-01-003018-9
000 00668nam0 2200253 450
001 0735257515
005 20070904094737.51
010    @a7-01-003018-9@d21
100    @a20070904d km y0chiy0120 ea
101 0  @achi
200 1  @a马克思主义著作选读经典@Ama ke si zhu yi zhu zuo xuan du jing dian
210    @a北京@c人民出版社@d1999
215    @a642@d20cm
606 0  @a毛泽东@x传记
606 0  @a恩格斯@x生平事迹
606 0  @a恩格斯@x传记
606 0  @a列宁@x生平事迹
606 0  @a马克思@x生事迹
606 0  @a马克思@x传记
606 0  @a列宁@x传记
606 0  @a毛泽东@x生平事迹
690    @aA71@v3
801  0 @aCN@bPFT@c20070904
905    @a213230@dA71@ea11@f1
    
    马克思主义著作选读经典.-北京:人民出版社,1999
    642;20cm
    
    
    ISBN 7-01-003018-9:21
    
●
相关链接 在E读中查询图书 在五车中查询图书 在当当中查询图书 在豆瓣中查询图书


正题名:马克思主义著作选读经典     索取号:A71/a11         预约/预借

序号 登录号 条形码 馆藏地/架位号 状态 备注
1 7500106   275001061   史法系资料室/ [索取号:A71/a11] 在馆    
唐山师范学院图书馆 欢迎您!
大连网信软件有限公司© 版权所有